| 000 | 01361cam a2200373 a 4500 | ||
|---|---|---|---|
| 001 | 14133377 | ||
| 003 | GZU | ||
| 005 | 20260423080717.0 | ||
| 008 | 051005s2007 at a b 001 0 eng | ||
| 010 | _a 2005935226 | ||
| 020 | _a0495007773 | ||
| 020 | _a9780495007777 | ||
| 022 | _a. | ||
| 035 | _a14133377 | ||
| 040 |
_aDLC _cDLC _dGZULib _beng _erda |
||
| 050 | 0 | 0 |
_aRC480 _b.PRO 2007 |
| 100 | 1 |
_aProchaska, James O. _eauthor |
|
| 245 | 1 | 0 |
_aSystems of psychotherapy : _ba transtheoretical analysis / _cJames O. Prochaska, John C. Norcross. |
| 250 | _aSixth edition | ||
| 260 |
_aAustralia : _bThomson/Brooks/Cole, _c2007. |
||
| 300 |
_axvii, 638 pages : _billustrations ; _c24 cm. |
||
| 336 |
_atext _btxt _2rdacontent |
||
| 337 |
_aunmediated _bn _2rdamedia |
||
| 338 |
_avolume _bnc _2rdacarrier |
||
| 504 | _aIncludes bibliographical references (p. 561-606). | ||
| 505 | _a. | ||
| 520 | _a. | ||
| 650 | 0 |
_aPsychotherapy _xPhilosophy. |
|
| 700 | 1 |
_aNorcross, John C., _d1957- _eauthor |
|
| 856 | 4 | 1 |
_3Table of contents only _uhttp://www.loc.gov/catdir/toc/fy0701/2005935226.html |
| 856 | 4 | 2 |
_3Contributor biographical information _uhttp://www.loc.gov/catdir/enhancements/fy1514/2005935226-b.html |
| 856 | 4 | 2 |
_3Publisher description _uhttp://www.loc.gov/catdir/enhancements/fy1514/2005935226-d.html |
| 942 |
_2lcc _cBK _eSixth edition _h480 _iPRO _kRC |
||
| 999 |
_c11764 _d11764 |
||